000 00579nam a2200169Ia 4500
999 _c29091
_d29091
003 GCL
005 20240530101954.0
008 140319s9999 xx 000 0 ara d
040 _aGCL /
_cGCL
082 0 4 _a245
_bن ا
100 1 _aعبدالقاهر بن طاهر البغدادى
245 1 2 _aالفرق بين الفرق وبيان الفرق الناجية منهم /
_cعبدالقاهر بن طاهر البغدادى
260 _a[S.N] :
_bدار الجيل ،
_c1987
650 0 4 _aالفرق الاسلامية
650 0 4 _aعلم الكلام
942 _2ddc
_cBK